Les récompenses des festivals de cinéma - Statistiques

Statistiques générales
  • Ce quiz a été pris 73 fois
  • Le résultat moyen est 3 sur 13
Statistiques - réponses
Ville
Année de
création
Récompense % Correct
Cannes 1946 Palme d'or
94%
Berlin 1951 Ours d'or
84%
Venise 1932 Lion d'or
61%
Saint-Sébastien 1953 Coquille d'or
4%
Locarno 1946 Léopard d'or
4%
Mar del Plata 1954 Astor d'or
1%
Karlovy Vary 1946 Globe de cristal
1%
Varsovie 1985 Grand prix
1%
Tokyo 1985 Grand prix Tokyo Sakura
1%
Le Caire 1976 Pyramide d'or
1%
Shanghai 1993 Coupe d'or
0%
Moscou 1935 George d'or
0%
Montréal 1977 Grand prix des Amériques
0%
Aucun quiz correspondant
Distribution des résultats
% des personnes avec chaque résultat
Percentile par nombre de réponses
Votre historique - résultats
Vous n’avez pas pris ce quiz